000 00511nam a2200205Ia 4500
008 210210b2018 xxu||||| |||| 00| 0 eng d
020 _a9788122417791
041 _aeng
082 _a664 MUDF
100 _aMUDAMBI (Sumati R)
245 _aFood science Rev Ed 2
260 _aLondon
_bNew Age International (P) Limited Publishers
_c2018
300 _axviii,224
650 _ascience
650 _aRev
650 _aFood
690 _aFood Technology
700 _aRAO (Shalini M)
906 _a074243
999 _c124071
_d124071